| 000 | 01015nam a2200289 i 4500 | ||
|---|---|---|---|
| 001 | bg | ||
| 100 | 1 | _aKoenig, Andrew. | |
| 245 | 1 | 0 |
_aC++ : _bpotęga języka : od przykładu do przykładu / _cAndrew Koenig, Barbara E. Moo ; [tł. Przemysław Szeremiota]. |
| 246 |
_iTyt. oryg.: _aAccelerated C++. Practical programming by example |
||
| 260 |
_aGliwice : _b"Helion", _c2004. |
||
| 300 |
_a428 s. ; _c24 cm. |
||
| 500 | _aTyt. oryg.: "Accelerated C++. Practical programming by example". | ||
| 504 | _aIndeks. | ||
| 650 | 9 | _aC++ (język programowania) | |
| 655 | _aPodręczniki | ||
| 700 | 1 | _aMoo, Barbara E. | |
| 700 | 1 | _aSzeremiota, Przemysław. | |
| 020 | _a8373613749 | ||
| 040 | _cBPK | ||
| 041 | 1 |
_apol _heng |
|
| 080 | _a004.438(07)A/Z | ||
| 920 | _a83-7361-374-9 | ||
| 942 | _cKS | ||
| 008 | s pl f |000 0 pol | ||
| 999 |
_c43754 _d43754 |
||
| 856 |
_uhttp://koha.tu.koszalin.pl/cgi-bin/koha/opac-detail.pl?biblionumber=43754 _yKatalog online BPK |
||